000 00910cab a2200229 4500
001 X96156
008 090401t1998 xxu||||| |||| 00| 0 eng d
035 _a(Sirsi) u90794
041 _aeng
245 _aSecure tenancy
260 _c1998
350 _a0
490 _aEstates Gazette
_v[1998] EGCS 185 (16/10/99)
520 _a"Surrey CC v Lamond" CA 16 December 1998. Defendant employed as caretaker of school and occupied council property - whether defendant`s tenancy a secure tenancy - whether contract of employment contained provision requiring defendant to occupy dwelling-house for better performance of duties. Judge making possession order. Appeal dismissed.
650 _aHOUSING ACT 1980
650 _aSCHOOL CARETAKER
650 _aSECURE TENANCY
650 _aSURREY CC V LAMOND
690 _aLANDLORD AND TENANT-CASE LAW-RESIDENTIAL TENANCIES
942 _n0
948 _c19/01/1999
999 _c57587
_d57587